Central Library OPAC University of Rajshahi

Dictionary of Business & Scientific Terms , (Record no. 86140)

MARC details
000 -LEADER
fixed length control field 00670nam a22002177a 4500
001 - CONTROL NUMBER
control field 86140
003 - CONTROL NUMBER IDENTIFIER
rucl marc code BD-RjUL
005 - DATE AND TIME OF LATEST TRANSACTION
control field 20260126104547.0
008 - FIXED-LENGTH DATA ELEMENTS--GENERAL INFORMATION
fixed length control field 260126s1961 us ||||| i||| 00| 0 eng d
035 ## - SYSTEM CONTROL NUMBER
System control number (BD-RjUL)86140
040 ## - CATALOGING SOURCE
Original cataloging agency BD-RjUL
Language of cataloging eng
Transcribing agency BD-RjUL
Modifying agency DLC
Description conventions DLC
041 ## - LANGUAGE CODE
Language code of text/sound track or separate title eng
082 ## - DEWEY DECIMAL CLASSIFICATION NUMBER
Edition number 23
Classification number 658.403
Author mark and year TVE 1961
245 ## - TITLE STATEMENT
Title Dictionary of Business & Scientific Terms ,
Statement of responsibility, etc. Compiled by, David F. Tver
260 ## - PUBLICATION, DISTRIBUTION, ETC. (IMPRINT)
Place of publication, distribution, etc. America
Name of publisher, distributor, etc. Gulf Publisthing Company Houston Texas
Date of publication, distribution, etc. 1961
300 ## - PHYSICAL DESCRIPTION
Pagination 528 page,
Size 12 cm.
504 ## - BIBLIOGRAPHY, ETC. NOTE
Bibliography, etc Formatted note Second Edition
650 ## - SUBJECT ADDED ENTRY--TOPICAL TERM
Topical term or geographic name as entry element Dictionary
Form subdivision Business
9 (RLIN) 17626
700 ## - ADDED ENTRY--PERSONAL NAME
Personal name Tver, David F. Compiled by
942 ## - ADDED ENTRY ELEMENTS (KOHA)
Source of classification or shelving scheme Dewey Decimal Classification
Koha item type Books
Holdings
Lost status Source of classification or shelving scheme Damaged status Not for loan Permanent Location Current Location Shelving location Date acquired Source of acquisition Total Checkouts Full call number Date last seen Copy number Koha item type
  Dewey Decimal Classification   Not For Loan Central Library, University of Rajshahi Central Library, University of Rajshahi Reference 06/09/1972 Zeitlinger   R 658.403 TVE 1961 26/01/2026 C-1 Books